书目信息 |
| 书名: | A Short History of Renaissance and Reformation Europe | |
| 作者: | Zophy,Jonathan W. | |
| 分册号: | ||
| 分册名: | 出版地: | New Jersey : |
|
| 出版社: | Prentice Hall | |
| 出版时间: | 1998. | |
| 页数: | 335 p. ; | |
| 开本: | 24cm. | |
| 丛书名: | ||
| 中图分类号: | ||
| 科图分类号: | ||
| 其他分类号: | K503 | |
| 主题词: | ||
| 电子资源: | ||
| 000 | 00478nam 2200157 a 4500 | |
| 001 | E0459088996 | |
| 005 | 2004121616244818 | |
| 008 | 041216s1998 00010 eng | |
| 020 | @a0-13-959362-4 :@cCNY 12.00. | |
| 040 | @aPFT@beng | |
| 090 | @aK503 | |
| 099 | @dK503@eZ88 | |
| 245 | @aA Short History of Renaissance and Reformation Europe :@bDances ober Fire and Water / @cZophy,Jonathan W. | |
| 250 | @a2th ed. | |
| 260 | @aNew Jersey :@bPrentice Hall,@c1998. | |
| 300 | @a335 p. ;@c24cm. | |
| A Short History of Renaissance and Reformation Europe : : Dances ober Fire and Water / / Zophy,Jonathan W.-2th ed.-New Jersey : : Prentice Hall, , 1998. |
| 335 p. ; ; 24cm. |
| ISBN 0-13-959362-4 :CNY 12.00. |
| ● |
| 相关链接 |
|
|
|
正题名:A Short History of Renaissance and Refor
索取号:K503/Z88
 
预约/预借
| 序号 | 登录号 | 条形码 | 馆藏地/架位号 | 状态 | 备注 |
| 1 | 04456 | 300044565 | 社科库309/309社科库 994排1列2层/ [索取号:K503/Z88] | 在馆 | |
| 2 | 04490 | 300044903 | 社科库309/309社科库 994排1列2层/ [索取号:K503/Z88] | 在馆 |